Państwa które organizowały GP Formuły 1 w XXI w. - Statystyki

Ogólne statystyki
  • Ten quiz został rozwiązany 28 razy
  • Średni wynik to 28 z 30
Statystyki odpowiedzi
Lata Odpowiedź % Poprawnych
2001 - 2019, 2022 - Australia
100%
2001 - 2002, 2004 - 2005, 2007 - Belgia
100%
2004 - 2019, 2024 - Chiny
100%
2021 - Holandia
100%
2001 - 2014, 2016, 2018 - 2019 Niemcy
100%
2001 - Węgry
100%
2001 - Wielka Brytania
100%
2001 - Włochy
100%
2001 - 2019, 2021 - Brazylia
96%
2001 - 2008, 2018 - 2019, 2021 - 2022 Francja
96%
2001 - Hiszpania
96%
2001 - 2008, 2010 - 2019, 2022 - Kanada
96%
2010 - 2013 Korea Południowa
96%
2020 - 2021 Portugalia
96%
2014 - 2021 Rosja
96%
2001 - 2007, 2012 - 2019, 2021 - Stany Zjednoczone
96%
2021 - Arabia Saudyjska
91%
2001 - 2003, 2014 - Austria
91%
2004 - 2010, 2012 - Bahrajn
91%
2001 - 2019, 2022 - Japonia
91%
2021, 2023 - Katar
91%
2005 - 2011, 2020 - 2021 Turcja
91%
2001 - 2017 Malezja
87%
2015 - 2019, 2021 - Meksyk
87%
2008 - 2019, 2022 - Singapur
87%
2009 - Zjednoczone Emiraty Arabskie
87%
2001 - 2019, 2021 - Monako
83%
2011 - 2013 Indie
78%
2016 - 2019, 2021 - Azerbejdżan
74%
2001 - 2006 San Marino
61%
Nie znaleziono quizów pasujących do podanych kryteriów
Rozkład punktacji
Procent ludzi z każdym wynikiem
Percentyl według liczby udzielonych odpowiedzi
Twoja historia wyników
Nie rozwiązałeś tego quizu